书目信息 |
| 题名: |
卫星电视接收机共用天线
|
|
| 作者: | 王有春 主编 | |
| 分册: | ||
| 出版信息: | 北京 电子工业出版社 1992.1 |
|
| 页数: | 220页 | |
| 开本: | 20cm | |
| 丛书名: | 家电维修技术精华丛书 | |
| 单 册: | ||
| 中图分类: | TN948.52 , T-51 | |
| 科图分类: | ||
| 主题词: | 卫星广播电视-电视接收机--维修 , 电视接收机-卫星广播电视--维修 , 共用天线--维修 , 工业技术 | |
| 电子资源: | ||
| ISBN: | 7-5053-1587-0 | |
| 000 | 01144nam2 2200337 45 | |
| 001 | 0192006792 | |
| 005 | 20040914083941.7 | |
| 010 | @a7-5053-1587-0@dCNY5.30 | |
| 020 | @aCN@b92006792 | |
| 092 | @a科技260-042 | |
| 100 | @a19920728d1992 em y0chiy0121 ea | |
| 101 | 0 | @achi |
| 102 | @aCN@b110000 | |
| 105 | @ay z 000yy | |
| 106 | @ar | |
| 200 | 10 | @a卫星电视接收机共用天线@Awei xing dian shi jie shou ji gong yong tian xian@f王有春主编@Fwang you chun zhu bian |
| 210 | @a北京@c电子工业出版社@d1992.1 | |
| 215 | @a220页@d20cm | |
| 225 | 2 | @a家电维修技术精华丛书@v6 |
| 330 | @a本书主要内容包括:卫星电视接收机的检修技巧、卫星地面接收站的安装,多频道交调干扰和电视重影故障的排除方法等。 | |
| 410 | 0 | @120010@a家电维修技术精华丛书 |
| 540 | 1 | @a卫星 电视接收机 共用天线@Awei xing dian shi jie shou ji gong yong tian xian |
| 606 | @a卫星广播电视-电视接收机@x维修 | |
| 606 | @a电视接收机-卫星广播电视@x维修 | |
| 606 | @a共用天线@x维修 | |
| 606 | 0 | @a工业技术 |
| 690 | @aTN948.52@v3 | |
| 690 | @aT-51@v3 | |
| 701 | 0 | @a王有春@Awang you chun@4主编 |
| 801 | 0 | @aCN@bNLC@c19920728 |
| 905 | @dT-51@e73:6@f1@b243704 | |
| 卫星电视接收机共用天线/王有春主编.-北京:电子工业出版社,1992.1 |
| 220页;20cm.-(家电维修技术精华丛书;6) |
| ISBN 7-5053-1587-0:CNY5.30 |
| 本书主要内容包括:卫星电视接收机的检修技巧、卫星地面接收站的安装,多频道交调干扰和电视重影故障的排除方法等。 |
| ● |
| 相关链接 |
|
|
|
|
正题名:卫星电视接收机共用天线
索取号:T-51/73:6
 
预约/预借
| 序号 | 登录号 | 条形码 | 馆藏地/架位号 | 状态 | 备注 |
| 1 | 0243703 | 001653017 | 第三借阅区/ [索取号:T-51/73:6] | 在馆 | |
| 2 | 0243704 | 001702125 | 密集书库/ [索取号:T-51/73:6] | 在馆 | |
| 3 | 0247789 | 000883137 | 密集书库/ [索取号:T-51/73:6] | 在馆 | |
| 4 | 0247790 | 000883093 | 密集书库/ [索取号:T-51/73:6] | 在馆 | |
| 5 | 0247791 | 000883191 | 密集书库/ [索取号:T-51/73:6] | 在馆 |